Statistics for Biggest Cities Starting With D

Click here to take the quiz!

General Stats

  • This quiz has been taken 84,466 times
    (61,839 since last reset)
  • The average score is 9 of 15

Answer Stats

CountryPopulationCity% Correct
India34.6 milDelhi
93%
United Arab Emirates5.95 milDubai
91%
Syria3.88 milDamascus
83%
United States7.65 milDallas
79%
Bangladesh22.5 milDhaka
79%
United States5.75 milDetroit
77%
Qatar2.60 milDoha
75%
United States3.85 milDenver
74%
Senegal3.93 milDakar
73%
Tanzania6.25 milDar es Salaam
60%
South Africa3.85 milDurban
56%
South Korea2.73 milDaegu
21%
Cameroon3.78 milDouala
20%
China5.30 milDalian
18%
Saudi Arabia2.83 milDammam
17%

Score Distribution

Percentile by Number Answered

Percent of People with Each Score

Your Score History

You have not taken this quiz since the last reset